IMIĘ ŻEŃSKIE, KTÓREGO ZDROBNIENIE LICZY TRZY LITERY: - Statystyki

Ogólne statystyki
  • Ten quiz został rozwiązany 656 razy
  • Średni wynik to 4 z 5
Statystyki odpowiedzi
Hint Odpowiedź % Poprawnych
3. OLA
93%
1. ALA
88%
2. ELA
68%
5. ULA
58%
4. IZA
52%
Nie znaleziono quizów pasujących do podanych kryteriów
Rozkład punktacji
Procent ludzi z każdym wynikiem
Percentyl według liczby udzielonych odpowiedzi
Twoja historia wyników
Nie rozwiązałeś tego quizu